000 00527nam a2200181Ia 4500
005 20250508160737.0
008 008 250505s9999 xx 000 0 eng d
037 _aTextual
040 _aFEDL
_beng
_cFEDL
041 _aeng
_2eng
084 _a371.1, KAL
_qFEDL
100 _aKale Pratima
_9769261
245 4 _aThe career of the secondary school teacher in Poona
260 _aBombay, India
_bNachiketa Publications
_c1972
300 _axii,157p.
942 _cTEXL
_h371.1, KAL
999 _c1366365
_d1366365